Los boleros de Ricardo Mora /
Saved in:
| Main Author: | |
|---|---|
| Format: | Unknown |
| Language: | Spanish |
| Subjects: | |
| Tags: |
Add Tag
No Tags, Be the first to tag this record!
|
MARC
| LEADER | 000000000a22000000004500 | ||
|---|---|---|---|
| 001 | 006997 | ||
| 041 | 0 | |a spa | |
| 100 | 1 | |a Jara Jiménez, Eladio, |d 1972- | |
| 245 | 1 | 4 | |a Los boleros de Ricardo Mora / |c Eladio Jara Jiménez. |
| 650 | 4 | |a MORA, RICARDO | |
| 650 | 4 | |a MÚSICA COSTARRICENSE | |
| 650 | 4 | |a HISTORIA | |
| 650 | 4 | |a BOLEROS | |
| 650 | 4 | |a MÚSICOS COSTARRICENSES | |
| 650 | 4 | |a MÚSICA POPULAR | |
| 650 | 4 | |a COSTA RICA | |
| 773 | 0 | |x 1013-9060 |d San José, Costa Rica : Editorial de la Universidad Estatal a Distancia |t Revista Nacional de Cultura |g número 25 (1994), páginas 71-73 | |
| 942 | |c ARC | ||
| 999 | |c 13118 |d 13118 | ||
